Statistics for Countries with the highest average IQ

Click here to take the quiz!

General Stats

  • This quiz has been taken 75 times
    (37 since last reset)
  • The average score is 19 of 25

Answer Stats

HintAnswer% Correct
IQ level 99Germany
97%
IQ level 100United Kingdom
93%
IQ level 105China
90%
IQ level 105Japan
90%
IQ level 99Canada
87%
IQ level 102Italy
87%
IQ level 99Finland
83%
IQ level 100Norway
83%
IQ level 106South Korea
83%
IQ level 99Sweden
83%
IQ level 99Poland
80%
IQ level 98Australia
77%
IQ level 99Belgium
77%
IQ level 98Denmark
77%
IQ level 100Netherlands
77%
IQ level 108Singapore
77%
IQ level 101Switzerland
77%
IQ level 104Taiwan
77%
IQ level 101Iceland
73%
IQ level 100Austria
70%
IQ level 100Luxembourg
70%
IQ level 99Estonia
67%
IQ level 98Czech Republic
60%
IQ level 101Mongolia
50%
IQ level 98Andorra
47%

Score Distribution

Percentile by Number Answered

Percent of People with Each Score

Your Score History

You have not taken this quiz since the last reset